[Event "AUT-ch Vor2 Internet"]
[Site "Playchess.com INT"]
[Date "2020.04.13"]
[Round "1"]
[White "Bauer, Wolfgang1111"]
[Black "Kubik, Gerhard"]
[Result "0-1"]
[WhiteElo "1526"]
[BlackElo "1985"]
[PlyCount "44"]
[EventDate "2020.04.13"]
[EventType "swiss (blitz)"]
[EventRounds "9"]
[EventCountry "AUT"]
[SourceTitle "CBM 195 Extra"]
[Source "ChessBase"]
[SourceDate "2020.05.31"]
[SourceVersion "1"]
[SourceVersionDate "2020.05.31"]
[SourceQuality "1"]

1. d4 Nf6 2. c4 c5 3. d5 b5 4. b3 g6 5. Bb2 Bg7 6. Qc2 d6 7. Nd2 bxc4 8. bxc4 0-0 9. Ngf3 e6 10. e4 exd5 11. exd5 Re8+ 12. Be2 Qe7 13. Qd1 Bg4 14. Kf1 Nbd7 15. h3 Bxf3 16. Bxf3 Ne5 17. Bxe5 Qxe5 18. Rb1 Qd4 19. g3 Rab8 20. Rxb8 Rxb8 21. Kg2 Rb2 22. Nb3 Qxf2# 0-1

[Event "AUT-ch Vor2 Internet"]
[Site "Playchess.com INT"]
[Date "2020.04.13"]
[Round "4"]
[White "Neuschmied, Siegfried"]
[Black "Kubik, Gerhard"]
[Result "1-0"]
[WhiteElo "2268"]
[BlackElo "1985"]
[PlyCount "49"]
[EventDate "2020.04.13"]
[EventType "swiss (blitz)"]
[EventRounds "9"]
[EventCountry "AUT"]
[SourceTitle "CBM 195 Extra"]
[Source "ChessBase"]
[SourceDate "2020.05.31"]
[SourceVersion "1"]
[SourceVersionDate "2020.05.31"]
[SourceQuality "1"]

1. e4 g6 2. d4 Bg7 3. Nc3 c5 4. dxc5 Bxc3+ 5. bxc3 Qa5 6. Qd2 Nf6 7. Bd3 Qxc5 8. Nf3 d6 9. h3 0-0 10. 0-0 Nc6 11. a4 Bd7 12. Bb2 Rac8 13. Qh6 Na5 14. Ng5 Nc4 15. Bc1 Ne5 16. Rb1 b6 17. c4 Nxc4 18. Bxc4 Qxc4 19. Bb2 e5 20. f4 Qc5+ 21. Kh1 Qxc2 22. fxe5 dxe5 23. Bxe5 Bxh3 24. gxh3 Rfe8 25. Bxf6 1-0

[Event "AUT-ch Vor1 Internet"]
[Site "Playchess.com INT"]
[Date "2020.04.11"]
[Round "4"]
[White "Steirer, Gerhard"]
[Black "Kubik, Gerhard"]
[Result "1-0"]
[WhiteElo "1854"]
[BlackElo "1985"]
[PlyCount "93"]
[EventDate "2020.04.11"]
[EventType "swiss (blitz)"]
[EventRounds "9"]
[EventCountry "AUT"]
[SourceTitle "CBM 195 Extra"]
[Source "ChessBase"]
[SourceDate "2020.05.31"]
[SourceVersion "1"]
[SourceVersionDate "2020.05.31"]
[SourceQuality "1"]

1. e4 g6 2. d4 Bg7 3. Nc3 c5 4. Be3 Qa5 5. Nf3 Nf6 6. e5 Ne4 7. Bd2 Nxc3 8. Bxc3 Qc7 9. d5 d6 10. Bb5+ Bd7 11. Qe2 0-0 12. Bxd7 Nxd7 13. e6 Bxc3+ 14. bxc3 fxe6 15. Qxe6+ Kg7 16. 0-0 Nf6 17. Ng5 Rae8 18. Qe2 Qa5 19. Ne6+ Kg8 20. Nxf8 Kxf8 21. c4 Qc3 22. f4 Nh5 23. f5 Kg7 24. Rae1 Qd4+ 25. Kh1 Qh4 26. Qf3 gxf5 27. Re6 f4 28. Kg1 Qg5 29. Qc3+ Kg8 30. Qf3 Rf8 31. Rfe1 Rf7 32. Qe2 Qh4 33. Qf3 Ng3 34. hxg3 fxg3 35. Kf1 Qh1+ 36. Ke2 Qh4 37. Qe3 Qxc4+ 38. Qd3 Qg4+ 39. Kd2 Qf4+ 40. Qe3 Qc4 41. Rxe7 Qxd5+ 42. Kc1 Rf2 43. Re8+ Kg7 44. Qc3+ Kg6 45. R8e6+ Kf7 46. Re7+ Kg6 47. Qxg3+ 1-0

[Event "AUT-ch Seniors 50"]
[Site "Deutschlandsberg"]
[Date "2018.04.25"]
[Round "4"]
[White "Kubik, Gerhard"]
[Black "Schoenangerer, Herbert"]
[Result "0-1"]
[WhiteElo "1978"]
[BlackElo "2070"]
[PlyCount "90"]
[EventDate "2018.04.22"]
[EventType "swiss"]
[EventRounds "7"]
[EventCountry "AUT"]
[SourceTitle "CBM 184 Extra"]
[Source "ChessBase"]
[SourceDate "2018.06.28"]
[SourceVersion "1"]
[SourceVersionDate "2018.06.28"]
[SourceQuality "1"]

1. d4 d5 2. Nc3 Nf6 3. Bg5 Bf5 4. Bxf6 exf6 5. e3 Be7 6. Bd3 Qd7 7. Bxf5 Qxf5 8. Nge2 c6 9. Ng3 Qe6 10. Qf3 0-0 11. Nf5 Re8 12. Nxe7+ Rxe7 13. g4 Nd7 14. h4 Rae8 15. g5 b5 16. 0-0-0 a5 17. Rdg1 f5 18. h5 g6 19. Rh4 a4 20. Rgh1 Nf8 21. Ne2 a3 22. b3 Rc8 23. Nf4 Qd6 24. Nd3 Rcc7 25. hxg6 fxg6 26. Rh6 Rcd7 27. Ne5 Rxe5 28. dxe5 Qxe5 29. Kd2 d4 30. Ke2 Qc5 31. Rd1 Qxc2+ 32. Rd2 d3+ 33. Ke1 Qc3 34. Qd1 c5 35. Rh4 Ne6 36. f4 c4 37. Rhh2 Nc5 38. bxc4 bxc4 39. Kf1 Qb4 40. Qf3 Ne4 41. Rd1 c3 42. Rxh7 Rxh7 43. Rxd3 Qc4 44. Kg2 Qxd3 45. Qd1 Qd2+ 0-1

[Event "AUT-ch Seniors 50"]
[Site "Deutschlandsberg"]
[Date "2018.04.24"]
[Round "3"]
[White "Bakalarz, Grazyna"]
[Black "Kubik, Gerhard"]
[Result "0-1"]
[WhiteElo "1915"]
[BlackElo "1978"]
[PlyCount "106"]
[EventDate "2018.04.22"]
[EventType "swiss"]
[EventRounds "7"]
[EventCountry "AUT"]
[SourceTitle "CBM 184 Extra"]
[Source "ChessBase"]
[SourceDate "2018.06.28"]
[SourceVersion "1"]
[SourceVersionDate "2018.06.28"]
[SourceQuality "1"]

1. d4 c5 2. d5 g6 3. e4 Bg7 4. Nf3 d6 5. Be2 Nf6 6. Nc3 0-0 7. 0-0 Bd7 8. Re1 Na6 9. Bf1 Rb8 10. h3 Nc7 11. a4 b6 12. e5 Nfe8 13. Bf4 a6 14. Ne4 Bf5 15. exd6 Nxd6 16. Nxd6 exd6 17. c3 b5 18. axb5 axb5 19. g4 Bc8 20. Ra7 Bb7 21. c4 Bxb2 22. Bh6 Bg7 23. Bxg7 Kxg7 24. cxb5 Bxd5 25. Rxc7 Bxf3 26. Qa1+ Qf6 27. Qxf6+ Kxf6 28. Re3 Ba8 29. Rce7 Bd5 30. Kh2 c4 31. Rd7 Rfd8 32. Rc7 Rbc8 33. Ree7 Rxc7 34. Rxc7 Rb8 35. Bxc4 Bxc4 36. Rxc4 Rxb5 37. Kg3 Re5 38. h4 h5 39. f3 Rc5 40. Re4 d5 41. Re8 hxg4 42. fxg4 Rc7 43. Kf4 Rd7 44. g5+ Kg7 45. Re3 Rb7 46. Rd3 Rb4+ 47. Kg3 Rb5 48. Kg4 f6 49. Kf4 Kf7 50. Re3 Rb4+ 51. Kg3 f5 52. Re5 Rg4+ 53. Kh3 d4 0-1

[Event "Ratten op 21st"]
[Site "Ratten"]
[Date "2014.05.29"]
[Round "1"]
[White "Kubik, Gerhard"]
[Black "Manhardt, Thomas"]
[Result "0-1"]
[WhiteElo "2015"]
[BlackElo "2226"]
[PlyCount "62"]
[EventDate "2014.05.29"]
[EventType "swiss"]
[EventRounds "5"]
[EventCountry "AUT"]
[SourceTitle "CBM 160 Extra"]
[Source "ChessBase"]
[SourceDate "2014.07.01"]
[SourceVersion "1"]
[SourceVersionDate "2014.07.01"]
[SourceQuality "1"]

1. e4 c5 2. Nc3 Nc6 3. f4 g6 4. Nf3 Bg7 5. Bb5 e6 6. Bxc6 bxc6 7. e5 d5 8. exd6 Qxd6 9. d3 c4 10. d4 Ne7 11. Ne4 Qd5 12. Nc5 Nf5 13. c3 0-0 14. 0-0 Rd8 15. Qe2 Bf8 16. Ne4 Kg7 17. Ne5 c5 18. g4 cxd4 19. gxf5 exf5 20. Nd2 Bc5 21. cxd4 Bxd4+ 22. Rf2 Bb7 23. Ndf3 Re8 24. Qxc4 Qxc4 25. Nxc4 Bxf3 26. Kf1 Bd5 27. Rc2 Rac8 28. Nd6 Rxc2 29. Nxe8+ Kf8 30. Nd6 Ke7 31. Nc8+ Rxc8 0-1

[Event "Steyr Landesliga 1213"]
[Site "Austria"]
[Date "2013.05.04"]
[Round "11.7"]
[White "Handler, Franz"]
[Black "Kubik, Gerhard"]
[Result "0-1"]
[WhiteElo "1859"]
[BlackElo "2025"]
[PlyCount "124"]
[EventDate "2012.09.22"]
[EventType "team-tourn"]
[EventRounds "11"]
[EventCountry "AUT"]
[SourceTitle "EXT 2014"]
[Source "ChessBase"]
[SourceDate "2013.11.20"]
[SourceVersion "1"]
[SourceVersionDate "2013.11.20"]
[SourceQuality "1"]
[WhiteTeam "Hartberg"]
[BlackTeam "Leibnitz"]
[WhiteTeamCountry "AUT"]
[BlackTeamCountry "AUT"]

1. d4 d5 2. Nf3 Nf6 3. c4 c6 4. Nc3 a6 5. e3 Bg4 6. cxd5 Bxf3 7. Qxf3 cxd5 8. Bd3 Nc6 9. 0-0 e6 10. Rd1 Be7 11. b3 Rc8 12. Bb2 0-0 13. Rac1 Qa5 14. Bb1 Rfe8 15. Na4 b5 16. Nc5 Qb6 17. Qh3 h6 18. Qf3 Rc7 19. Qe2 a5 20. a3 Na7 21. Nd3 Rec8 22. Ne5 Rxc1 23. Rxc1 Rxc1+ 24. Bxc1 Qc7 25. Qc2 Qxc2 26. Bxc2 Bd6 27. f3 Bxe5 28. dxe5 Nd7 29. f4 Nc6 30. Bd3 b4 31. Bb5 Ndb8 32. a4 Kf8 33. Bb2 Ke7 34. Bd4 Nxd4 35. exd4 f6 36. g4 g5 37. fxg5 hxg5 38. Kf2 fxe5 39. dxe5 Nd7 40. Bxd7 Kxd7 41. Ke3 Kc6 42. Kd4 Kb6 43. Kd3 Kc5 44. h4 gxh4 45. g5 h3 46. g6 h2 47. g7 h1Q 48. g8Q Qe4+ 49. Kd2 Qd4+ 50. Ke1 Qxe5+ 51. Kf2 Qb2+ 52. Ke1 Qxb3 53. Qxe6 Qxa4 54. Qe7+ Kd4 55. Qf6+ Kc4 56. Qf1+ Kc3 57. Qf3+ Kb2 58. Qf6+ Ka2 59. Qf2+ Ka3 60. Qe3+ Qb3 61. Qc1+ Qb2 62. Qe3+ Qc3+ 0-1

[Event "Steyr Landesliga 1213"]
[Site "Austria"]
[Date "2013.04.27"]
[Round "10.7"]
[White "Kubik, Gerhard"]
[Black "Steiner, Magdalena"]
[Result "1/2-1/2"]
[WhiteElo "2025"]
[BlackElo "1647"]
[PlyCount "39"]
[EventDate "2012.09.22"]
[EventType "team-tourn"]
[EventRounds "11"]
[EventCountry "AUT"]
[SourceTitle "EXT 2014"]
[Source "ChessBase"]
[SourceDate "2013.11.20"]
[SourceVersion "1"]
[SourceVersionDate "2013.11.20"]
[SourceQuality "1"]
[WhiteTeam "Leibnitz"]
[BlackTeam "Pinggau Friedberg"]
[WhiteTeamCountry "AUT"]
[BlackTeamCountry "AUT"]

1. e4 d6 2. d4 Nf6 3. Nc3 g6 4. Nf3 Bg7 5. Bg5 0-0 6. Qd2 c6 7. Bd3 Re8 8. Bh6 e5 9. Bxg7 Kxg7 10. 0-0 Nbd7 11. dxe5 dxe5 12. Rad1 Nc5 13. Qe2 Qb6 14. Bc4 Qxb2 15. Bxf7 Qxc3 16. Bxe8 Nxe8 17. Rd8 Nf6 18. Rfd1 b6 19. R1d6 Bb7 20. Rxa8 1/2-1/2

[Event "Steyr Landesliga 1213"]
[Site "Austria"]
[Date "2013.03.16"]
[Round "8.5"]
[White "Kubik, Gerhard"]
[Black "Schink, Barbara"]
[Result "1-0"]
[WhiteElo "2025"]
[BlackElo "2167"]
[PlyCount "159"]
[EventDate "2012.09.22"]
[EventType "team-tourn"]
[EventRounds "11"]
[EventCountry "AUT"]
[SourceTitle "EXT 2014"]
[Source "ChessBase"]
[SourceDate "2013.11.20"]
[SourceVersion "1"]
[SourceVersionDate "2013.11.20"]
[SourceQuality "1"]
[WhiteTeam "Leibnitz"]
[BlackTeam "Graz Strassenbahn"]
[WhiteTeamCountry "AUT"]
[BlackTeamCountry "AUT"]

1. e4 e5 2. Nf3 Nc6 3. Bc4 Bc5 4. c3 Nf6 5. d3 d6 6. Bg5 h6 7. Bh4 Bg4 8. h3 Bd7 9. Nbd2 Bb6 10. Bb3 a6 11. Qe2 Qe7 12. Nf1 g5 13. Bg3 0-0-0 14. Ne3 Qe8 15. 0-0-0 Ne7 16. Nc4 Ba7 17. d4 exd4 18. Nxd4 Bxd4 19. cxd4 Nf5 20. Rhe1 Nxg3 21. fxg3 Bc6 22. e5 dxe5 23. Qf2 Nd5 24. dxe5 Kb8 25. Rd4 Nb4 26. Red1 Rxd4 27. Qxd4 Bb5 28. Na5 Nc6 29. Nxc6+ Bxc6 30. Rd2 Rf8 31. Rf2 Qe7 32. Rd2 Re8 33. Re2 Rd8 34. Qf2 Bd5 35. Bxd5 Rxd5 36. Re1 Qe6 37. Qe2 Ra5 38. b3 Rc5+ 39. Kb1 Qg6+ 40. Kb2 Qe6 41. Qd2 Rd5 42. Qc3 Rd7 43. Rf1 Re7 44. Re1 Re8 45. Qc4 f6 46. Qxe6 Rxe6 47. Kc3 fxe5 48. Re2 Kc8 49. Kd3 Kd7 50. Ke4 Ke7 51. Rc2 c6 52. g4 Kf6 53. Rf2+ Ke7 54. Rf5 Kd6 55. Rf7 b6 56. g3 a5 57. h4 gxh4 58. gxh4 Kc5 59. Rf5 Kd6 60. g5 hxg5 61. hxg5 b5 62. Rf8 Kc5 63. Kf5 Rd6 64. g6 Rd1 65. g7 Rf1+ 66. Kxe5 Re1+ 67. Kf4 Rg1 68. g8Q Rxg8 69. Rxg8 Kb4 70. Ke3 Kc3 71. Rc8 Kb2 72. Rxc6 Kxa2 73. Rb6 b4 74. Rb5 Kxb3 75. Rxa5 Kc3 76. Rc5+ Kb2 77. Kd3 Ka2 78. Ra5+ Kb3 79. Ra6 Kb2 80. Kc4 1-0

[Event "Steyr Landesliga 1213"]
[Site "Austria"]
[Date "2013.03.02"]
[Round "7.6"]
[White "Kubik, Gerhard"]
[Black "Matosec, Thomas"]
[Result "1/2-1/2"]
[WhiteElo "2025"]
[BlackElo "2072"]
[PlyCount "85"]
[EventDate "2012.09.22"]
[EventType "team-tourn"]
[EventRounds "11"]
[EventCountry "AUT"]
[SourceTitle "EXT 2014"]
[Source "ChessBase"]
[SourceDate "2013.11.20"]
[SourceVersion "1"]
[SourceVersionDate "2013.11.20"]
[SourceQuality "1"]
[WhiteTeam "Leibnitz"]
[BlackTeam "Graz Styria"]
[WhiteTeamCountry "AUT"]
[BlackTeamCountry "AUT"]

1. e4 e6 2. d4 d5 3. Nc3 Nf6 4. Bg5 dxe4 5. Nxe4 Be7 6. Nxf6+ Bxf6 7. Bxf6 Qxf6 8. Nf3 0-0 9. Bd3 Nd7 10. Qe2 Re8 11. 0-0 Rb8 12. Qe4 g6 13. h4 b6 14. Qc6 Qd8 15. Ne5 Nxe5 16. dxe5 Bb7 17. Qc4 b5 18. Qf4 Qd5 19. f3 Red8 20. h5 Qd4+ 21. Qxd4 Rxd4 22. hxg6 hxg6 23. Rad1 Rbd8 24. Be2 b4 25. Rd3 c5 26. Rfd1 R4d5 27. Kf2 Kg7 28. Rxd5 Rxd5 29. f4 g5 30. g3 gxf4 31. gxf4 Rxd1 32. Bxd1 Bd5 33. a3 Kg6 34. Ke3 a5 35. c3 Kf5 36. Bc2+ Kg4 37. Bh7 Kh5 38. Be4 Bxe4 39. Kxe4 Kg4 40. axb4 axb4 41. cxb4 cxb4 42. b3 Kg3 43. Ke3 1/2-1/2